NASCAR Drivers Most Common Number - Statistics

General Stats
  • This quiz has been taken 135 times
  • The average score is 41 of 113
Answer Stats
Number Year(s) With Number Number of Starts Driver % Correct
3 1981-2001 529 Dale Earnhardt
95%
8 1999-2007 291 Dale Earnhardt Jr
95%
41 2014-2018 177 Kurt Busch
94%
97 2000-2005 184 Kurt Busch
94%
18 2008-2022 528 Kyle Busch
94%
24 1992-2015 797 Jeff Gordon
92%
45 2001-2009 245 Kyle Petty
90%
43 1958-1992 1,125 Richard Petty
90%
7 2001, 2005-2012 226 Robby Gordon
90%
22 2013-Present 396 Joey Logano
87%
11 2005-Present 614 Denny Hamlin
86%
42 1949-1964 414 Lee Petty
86%
14 2009-2016 262 Tony Stewart
85%
20 1999-2008 356 Tony Stewart
85%
9 1976-2003 446 Bill Elliott
81%
94 1995-2000 185 Bill Elliott
81%
48 2001-2020 686 Jimmie Johnson
81%
2 1985, 1991-2005 522 Rusty Wallace
80%
29 2001-2013 466 Kevin Harvick
76%
6 1983, 1988-2006 619 Mark Martin
76%
56 2010-2013 144 Martin Truex Jr
76%
78 2014-2018 180 Martin Truex Jr
76%
81 1994-1998 104 Kenny Wallace
75%
17 1999-2012 471 Matt Kenseth
75%
99 2004-2014 373 Carl Edwards
73%
15 2001-2005, 2011, 2017 184 Michael Waltrip
72%
30 1987-1995 265 Michael Waltrip
72%
55 2006-2016 129 Michael Waltrip
72%
5 1994-2004 368 Terry Labonte
71%
44 1979-1986 259 Terry Labonte
71%
31 2004-2013 324 Jeff Burton
68%
0 2003-2004 38 Ward Burton
66%
12 2002-2008 252 Ryan Newman
65%
39 2009-2013 180 Ryan Newman
65%
07 2006-2008 108 Clint Bowyer
62%
1 2010-2018 324 Jamie McMurray
62%
88 1996-2006 380 Dale Jarrett
56%
28 1988-1993 183 Davey Allison
56%
40 1999-2005, 2008 274 Sterling Marlin
56%
16 2002-2016 504 Greg Biffle
52%
13 2011-2016 227 Casey Mears
51%
93 1999-2001 74 Dave Blaney
51%
21 1972-1979, 1986 157 David Pearson
51%
38 2006-2008, 2010-2015 243 David Gilliland
48%
00 2007-2012 140 David Reutimann
47%
95 2014-2017 100 Michael McDowell
47%
83 2007-2011 141 Brian Vickers
46%
27 2011-2017 252 Paul Menard
46%
01 2003-2006 112 Joe Nemechek
43%
51 2021-2023 92 Cody Ware
41%
37 2017-2019 108 Chris Buescher
37%
10 1994-1999 243 Ricky Rudd
33%
84 2006-2008 38 AJ Allmendinger
32%
26 1990-1994 147 Brett Bodine
32%
47 1958-1964 193 Jack Smith
32%
50 1982 24 Geoff Bodine
29%
33 1981-2994 397 Harry Gant
29%
36 1998-1999 51 Ernie Irvan
27%
32 2001-2004 133 Ricky Craven
25%
71 1971-2002 589 Dave Marcis
24%
89 2002-2006 32 Morgan Shepherd
23%
23 1995-1999 157 Jimmy Spencer
22%
49 1964-1977 238 G.C. Spencer
20%
72 1970-1978 287 Benny Parsons
19%
87 1949-1971 417 Buck Baker
19%
91 1951-1954 90 Tim Flock
19%
66 2006-2007 68 Jeff Green
18%
35 2015 36 Cole Whitt
16%
75 1983, 1987-1988 83 Neil Bonnett
15%
70 1966-1991 623 J.D. McDuffie
13%
77 1997-2001 133 Robert Pressley
13%
92 1949-1957 200 Herb Thomas
11%
25 1965-1978 306 Jabe Thomas
11%
52 1976-1993 446 Jimmy Means
11%
34 1961-1973 469 Wendell Scott
10%
98 1954-1960 85 Marvin Panch
6%
67 1963-1988 481 Buddy Arrington
5%
69 1960-1961, 1963 26 Johnny Allen
5%
96 1971-1975 108 Richard Childress
5%
46 1953-1958 75 Speedy Thompson
5%
90 1972, 1975, 1977-1978, 1983-1984 175 Dick Brooks
4%
50 1987-1988 24 Greg Sacks
4%
47 1981-1986 193 Ron Bouchard
3%
64 1962-1981 430 Elmo Langley
1%
85 1960-1961 52 Emanuel Zervakis
1%
4 1966-1973 289 John Sears
1%
06 1967-1975 231 Neil Castles
1%
86 1958-1966 95 Neil Castles
1%
03 1968-1969 22 Richard Brickhouse
1%
76 1962-1973 126 Ben Arnold
0%
10 1967-1975 243 Bill Champion
0%
73 1975-1993 42 Bill Schmitt
0%
68 1964-1966 71 Bob Derrington
0%
65 1975 19 Carl Adams
0%
62 1961-1964 135 Curtis Crider
0%
05 1971-1976 121 David Sisco
0%
02 1963-1967 43 Doug Cooper
0%
60 1964-1966 52 Doug Cooper
0%
08 1969-1970 41 EJ Trivette
0%
79 1963-1980 348 Frank Warren
0%
19 1967-1977 231 Henley Gray
0%
53 1965-1966 60 Jimmy Helms
0%
80 1987-1990 22 Jimmy Horton
0%
54 1960-1964 177 Jimmy Pardue
0%
63 1977-1988 22 Jocko Maggiacomo Jr
0%
82 1951-1961 138 Joe Eubanks
0%
61 1975-1978 28 Joe Mihalic
0%
57 1969-1970 33 Johnny Halford
0%
58 1952-1954 20 Johnny Patterson
0%
04 1969-1970 34 Ken Meisenhelder
0%
09 1963-1964 25 Larry Manning
0%
74 1957-1962 161 L.D. Austin
0%
59 1959-1967 95 Tom Pistone
0%
No matching quizzes found
Score Distribution
Percent of People with Each Score
Percentile by Number Answered
Your Score History
You have not taken this quiz